00968cam a2200229 450000500170000000800410001702000150005805000190007310000660009224501640015825000290032226000500035130000210040149000230042250000470044550000720049265000280056465000340059270000360062670000440066270000320070620151204130939.0151204b mx ||||| |||| 00| 0 spa d a968167079504aD13 bC65 20041 aCollingwood, R. G.,d[1889-1943],q[Robin George Collingwood]10aIdea de la historia / cRobin George Collingwood ; edición, prefacio e introducción de Jan van der Dussen ; tr. Edmundo O'Gorman y Jorge Hernández Campos a3a ed., rev. y aumentada aMexico : bFondo de Cultura Economica, c2004 a610 p. ; c20cm. aColeccion historia aNota: Traducción de: The idea of history aNota: Edición revisada que incluye las conferencias de 1926-1928. 72LEMBa Historiografía 72LEMBaHistoria x Filosofía1 aHernandez Campos, Jorge, e tr.1 aO'Gorman, Edmundo, d 1906-1995, e tr.1 aDussen, Jan Van Der, e tr.